Managing the Professional Service Firm
Gespeichert in:
| 1. Verfasser: | |
|---|---|
| Format: | Buch |
| Sprache: | Englisch |
| Veröffentlicht: |
New York
The Free Press
1993
|
| Ausgabe: | 1. ed. |
| Schlagworte: | |
| Tags: |
Keine Tags, Fügen Sie das erste Tag hinzu!
|
MARC
| LEADER | 00000nam a2200000 4500 | ||
|---|---|---|---|
| 001 | c019385 | ||
| 005 | 20221206074720.7 | ||
| 020 | |a 0-02-919782-1 | ||
| 041 | 0 | |a eng | |
| 044 | |a US | ||
| 245 | 1 | 0 | |a Managing the Professional Service Firm |c David H. Maister |
| 250 | |a 1. ed. | ||
| 264 | 1 | |a New York |b The Free Press |c 1993 | |
| 300 | |a 376 s. | ||
| 610 | 2 | 0 | |a manažment |
| 610 | 2 | 0 | |a riadenie podnikové |
| 610 | 2 | 0 | |a vedenie podniku |
| 610 | 2 | 0 | |a firmy |
| 610 | 2 | 0 | |a služby |
| 610 | 2 | 0 | |a experti |
| 610 | 2 | 0 | |a poradenstvo |
| 610 | 2 | 0 | |a sektor terciárny |
| 610 | 2 | 0 | |a činiteľ ľudský |
| 100 | 1 | |a Maister, David H. | |